| 000 | 00468nam a22001577a 4500 | ||
|---|---|---|---|
| 003 | AR-RoIUNI | ||
| 005 | 20190624185936.0 | ||
| 008 | 190624b xxu||||| |||| 00| 0 spa d | ||
| 040 | _cIUNIR | ||
| 080 | _a616.053 IMP | ||
| 245 | 1 |
_aImportancia del sueño en el niño _by sus implicaciones en el desarrollo _cAna García Sevillano |
|
| 260 |
_as.l. _bAsociación Mexicana de Pediatría _cs.f. |
||
| 300 |
_a32 p. _c30 cm. |
||
| 650 | 1 | 0 |
_9125 _aPediatría |
| 942 |
_2cdu _cBK |
||
| 999 |
_c4807 _d4807 |
||